कहानी-लेखिका और जेहलम के सात पुल / (Record no. 116556)

MARC details
000 -LEADER
fixed length control field 01099nam a22002537a 4500
005 - DATE AND TIME OF LATEST TRANSACTION
control field 20170124103041.0
010 ## - LIBRARY OF CONGRESS CONTROL NUMBER
LC control number 114153
020 ## - INTERNATIONAL STANDARD BOOK NUMBER
Terms of availability 3.50
035 ## - SYSTEM CONTROL NUMBER
System control number 114153
037 ## - SOURCE OF ACQUISITION
Source of stock number/acquisition Cen Lib/Ret
040 ## - CATALOGING SOURCE
Original cataloging agency DPL
Language of cataloging HN
082 ## - DEWEY DECIMAL CLASSIFICATION NUMBER
Classification number
Item number उपेन्द्र
100 ## - MAIN ENTRY--PERSONAL NAME
Personal name उपेन्द्रनाथ अश्क
9 (RLIN) 3849
245 ## - TITLE STATEMENT
Title कहानी-लेखिका और जेहलम के सात पुल /
Statement of responsibility, etc उपेन्द्रनाथ अश्क
246 ## - VARYING FORM OF TITLE
Title proper/short title Kahani lekhika or jehlam ke saat pul /
Remainder of title by Upendranath Ashq
260 ## - PUBLICATION, DISTRIBUTION, ETC. (IMPRINT)
Name of publisher, distributor, etc नीलाभ प्रकाशन
Place of publication, distribution, etc इलाहाबाद
Date of publication, distribution, etc 1957
270 ## - ADDRESS
City इलाहाबाद
Address 5 खुसरो बाग रोड
300 ## - PHYSICAL DESCRIPTION
Extent 184पृ.
Dimensions 16सेमी(सजिल्द )
650 ## - SUBJECT ADDED ENTRY--TOPICAL TERM
Topical term or geographic name as entry element हिंदी साहित्य
General subdivision
Geographic subdivision
9 (RLIN) 67136
650 ## - SUBJECT ADDED ENTRY--TOPICAL TERM
Topical term or geographic name as entry element हिंदी साहित्य
General subdivision कहानियां
9 (RLIN) 67137
650 ## - SUBJECT ADDED ENTRY--TOPICAL TERM
Topical term or geographic name as entry element Hindi literature
9 (RLIN) 67138
650 ## - SUBJECT ADDED ENTRY--TOPICAL TERM
Topical term or geographic name as entry element Hindi literature
General subdivision stories
9 (RLIN) 67139
942 ## - ADDED ENTRY ELEMENTS (KOHA)
Source of classification or shelving scheme Dewey Decimal Classification
Koha item type Hindi Books
Classification part
Call number suffix उपेन्द्र
Holdings
Withdrawn status Lost status Damaged status Not for loan Home library Current library Date acquired Source of acquisition Cost, normal purchase price Total Checkouts Total Renewals Full call number Barcode Date last seen Date checked out Copy number Cost, replacement price Price effective from Koha item type
        Central Library Central Library 25/08/2015 Cen Lib/Ref 3.50 1 2 क उपेन्द्र 114153 06/03/2024 01/02/2024 1 3.50 25/08/2015 Hindi Books

© Delhi Public Library
Hit Counter
free hit counter